|
000
|
00788nam0 2200241 45
|
|
001
|
0900000017885
|
|
005
|
20060522081506.09
|
|
010
|
|
@a7-304-01331-1@dCNY14.00
|
|
100
|
|
@a20041204e20021998ekmy0chiy0120 ea
|
|
101
|
0
|
@achi
|
|
102
|
|
@aCN@b110000
|
|
105
|
|
@ay z 000yy
|
|
200
|
1
|
@a哲学原理@9zhe xue yuan li@f谢新观,王道君主编
|
|
210
|
|
@a北京@c中央广播电视大学出版社@d1998@h2002重印
|
|
215
|
|
@a316页@d21cm
|
|
330
|
|
@a本书主要包括:物质和意识、世界的联系和发展、联系和发展的基本规律、认识和实践、真理和价值等十章内容。
|
|
606
|
0
|
@a哲学理论@j教材
|
|
606
|
0
|
@a哲学理论
|
|
690
|
|
@aB0@v4
|
|
701
|
0
|
@a谢新观@9xie xin guan@4主编
|
|
701
|
0
|
@a王道君@9wang dao jun@4主编
|
|
801
|
0
|
@aCN@b北京圣华辰文化发展有限公司@c20060522
|
|
905
|
|
@a10447@b200151187-91@dB0@e63@f5
|
|
|
|
|
| |
| 哲学原理/谢新观,王道君主编.-北京:中央广播电视大学出版社,1998(2002重印) |
| 316页;21cm |
| |
| |
| ISBN 7-304-01331-1:CNY14.00 |
| 本书主要包括:物质和意识、世界的联系和发展、联系和发展的基本规律、认识和实践、真理和价值等十章内容。 |
| ● |
正题名:哲学原理
索取号:B0/63
 
预约/预借
| 序号
|
登录号
|
条形码
|
馆藏地/架位号
|
状态
|
备注
|
|
1
|
151140
|
200151190
|
海科密-1楼/16架3列1层/
[索取号:B0/63]
|
在馆
|
|
|
2
|
151141
|
200151191
|
海科密-1楼/16架3列1层/
[索取号:B0/63]
|
在馆
|
|
|
3
|
151187
|
200151187
|
海科密-1楼/16架3列1层/
[索取号:B0/63]
|
在馆
|
|
|
4
|
151188
|
200151188
|
海科密-1楼/16架3列1层/
[索取号:B0/63]
|
在馆
|
|
|
5
|
151189
|
200151189
|
海科密-1楼/16架3列1层/
[索取号:B0/63]
|
在馆
|
|